00677nam a2200181 a 4500008004100000020001500041050001400056100002200070245003200092260003300124300001400157350000900171500005300180650002300233995009200256999001700348952013000365120416s1959 ||||||||||||||||| || u a0070371555 aHB 75 Lek aLekachman, Robert12aA history of economic ideas aNew York:bMcGraw-Hillc1959 axiii, 427 a0.00 aIncludes bibliographical references and indexes. aECONOMICS--HISTORY D0.00FCBU-MAIN LIBRARY (Kitwe)H1I5.50UAVAILABLEZMain Library Open Access Collection c45593d45593 00102lcc4070a001b001cMain Library Open Access Collectiond2022-11-30l0oHB 75 Lekp001793r2022-11-30w2022-11-30y002